| 000 | 00549nam a22002057a 4500 | ||
|---|---|---|---|
| 003 | OSt | ||
| 005 | 20220107122734.0 | ||
| 008 | 140411b xxu||||| |||| 00| 0 eng d | ||
| 020 | _a9789332502550 | ||
| 040 | _cIIITM-K | ||
| 082 | _a658.4038011 RAJ/M | ||
| 100 |
_aRaj, Sahil _93930 |
||
| 245 |
_aManagement information systems _cby Sahil Raj |
||
| 260 |
_aNew Delhi, _bPearson, _c2013. |
||
| 300 | _axiv, 398p. | ||
| 650 |
_aMANAGEMENT _93931 |
||
| 650 |
_aINFORMATION MANAGEMENT _93932 |
||
| 650 |
_aINFORMATION SYSTEMS _93933 |
||
| 942 |
_2ddc _cBK |
||
| 999 |
_c3793 _d3793 |
||